[Event "Odysseus Spring C"]
[Site "Soborg"]
[Date "2001.05.??"]
[Round "3"]
[White "Olsen, Jonas Bagge"]
[Black "Borregaard, John"]
[Result "1-0"]
[WhiteElo "1630"]
[BlackElo "1520"]
[PlyCount "59"]
[EventDate "2001.05.10"]
[EventType "tourn"]
[EventRounds "5"]
[EventCountry "DEN"]
[SourceTitle "EXT 2023"]
[Source "ChessBase"]
[SourceDate "2022.10.05"]
[SourceVersion "1"]
[SourceVersionDate "2022.10.05"]
[SourceQuality "1"]

1. e4 c5 2. Nf3 d6 3. d4 cxd4 4. Nxd4 Nf6 5. Nc3 g6 6. f3 Bg7 7. Be3 0-0 8. Qd2 Re8 9. 0-0-0 a6 10. g4 b5 11. h4 Nfd7 12. f4 Nf8 13. f5 Nbd7 14. Nc6 Qc7 15. Nb4 Nf6 16. Nbd5 Qb7 17. Bg2 Nxd5 18. Nxd5 Be5 19. Bd4 a5 20. Qh6 f6 21. fxg6 Nxg6 22. Bxe5 Nxe5 23. g5 Ng4 24. Qh5 Rf8 25. e5 Qa7 26. exf6 exf6 27. Rde1 Rf7 28. Re8+ Kg7 29. gxf6+ Nxf6 30. Qg5# 1-0

[Event "Odysseus EMT"]
[Site "Soborg"]
[Date "2000.04.??"]
[Round "3"]
[White "Tjornsted, Peter"]
[Black "Olsen, Jonas Bagge"]
[Result "1-0"]
[WhiteElo "1847"]
[BlackElo "1612"]
[PlyCount "75"]
[EventDate "2000.04.27"]
[EventType "swiss"]
[EventRounds "5"]
[EventCountry "DEN"]
[SourceTitle "EXT 2023"]
[Source "ChessBase"]
[SourceDate "2022.10.05"]
[SourceVersion "1"]
[SourceVersionDate "2022.10.05"]
[SourceQuality "1"]

1. d4 d5 2. Nf3 Bf5 3. Bf4 Nd7 4. e3 Ngf6 5. Nbd2 Ne4 6. Nh4 Nxd2 7. Qxd2 Bg6 8. Nxg6 hxg6 9. Bd3 e6 10. h3 a5 11. a3 Nf6 12. c3 Bd6 13. Bxd6 Qxd6 14. Qc2 g5 15. Qb3 Rb8 16. Qa4+ c6 17. Qxa5 g4 18. Qb4 Qc7 19. 0-0-0 gxh3 20. gxh3 e5 21. Rdg1 g6 22. f3 Rh4 23. c4 exd4 24. Qe1 Rh5 25. exd4+ Kd7 26. Qd2 Rbh8 27. Qc2 Qf4+ 28. Kb1 Qxd4 29. Rf1 Qf4 30. Qb3 Kc8 31. Re1 Re5 32. Rc1 Re3 33. cxd5 Qd4 34. Rhd1 Nxd5 35. Rxc6+ bxc6 36. Ba6+ Kd8 37. Qb8+ Ke7 38. Qb7+ 1-0